000 00602nam a2200205 4500
003 OSt
005 20240729023248.0
006 a
008 240729b |||||||| |||| 00| 0 eng d
020 _a9780631226246
040 _aDWCL-Main lib.
_cOC
082 _aCirc. 807.11 S559t 2003
100 _aShowalter, Elaine
245 _aTeaching literature /
260 _aMalden, Mass. :
_bBlackwell Pub. ,
_cc2003.
300 _aix,
_b166 p. ;
_c23 cm.
504 _aIncludes bibliographical references & index.
650 _a1. Literature-Study and teaching ( Higher).
942 _2ddc
_n0
_cBK-CIRC
_kCirc.
999 _c2886
_d2886